00740nam a2200181 a 450000100100000000500170001000800410002702000150006804000250008310000350010824500900014326000850023330000210031850000570033971000400039695201050043699900170054100004126720201002034735.0130927s1974 sp 000 0 spa d a8471700328 aDO-SdBNPbspacBNPHU1 aMuñoz León, Domingo91535610aDios - Palabra :bmemra en los targumim del Pentateuco /. /cDomingo Muñoz León,. aMadrid :bInstitución San Jerónimo para la Investigación Bíblica,c1974. a757 p. ;c25 cm. aAnnexos p. 641-693. 695-730. Bibliografia p. 731-7432 aInstitución San Jerónimo967877 001050718MOaGRbGRcCTd2013-09-27iLF1l0o p41267-10r2020-06-25w2020-06-25y1ZNo se presta c40757d40757